Statistiques concernant Culture Générale - Série 2120

Cliquez ici pour prendre le quiz!

Statistiques générales

  • Ce quiz a été pris 112 fois
  • Le résultat moyen est 8 sur 10

Statistiques - réponses

QuestionRéponse% Correct
Dans le système solaire, quelle planète est appelée " La planète rouge" ?mars
98%
Quelle ville de l'état du Nevada aux Etats Unis est considérée comme la capitale du jeu ?Las Vegas
96%
Comment appelle-ton l'aiguille qui indique les secondes sur une montre ?trotteuse
89%
A quel pays appartient l’île de Pâques?Chili
85%
De quel roi, la Marquise de Pompadour fut-elle la favorite ?Louis XV
85%
Dans quelle ville d'Europe se trouve l’Atomium?Bruxelles
81%
Qui a peint "Les iris" ? voir photoVincent van Gogh
75%
En quelle année a eu lieu la bataille de Waterloo ?1815
73%
Quelle est la capitale de l'Azerbaïdjan?Bakou
68%
Dans quel état des Etats-Unis se trouve le Grand Canyon?Arizona
63%

Distribution des résultats

Percentile par nombre de réponses

% des personnes avec chaque résultat

Votre développement - résultats

Vous n’avez pas pris ce quiz